000 00242nam a22001097a 4500
003 OSt
008 221031b |||||||| |||| 00| 0 eng d
041 _aeng
082 _a621.84
_bUNI
245 _aUniversal value equivalents vol IV
942 _cBK
999 _c17562
_d17562